Katalog Plus
Bibliothek der Frankfurt UAS
Bald neuer Katalog: sichern Sie sich schon vorab Ihre persönlichen Merklisten im Nutzerkonto: Anleitung.

Principles of Microeconomics

Titel: Principles of Microeconomics : An Integrative Approach / by Martin Kolmar
Verfasser:
Ausgabe: 2nd ed. 2022
Veröffentlicht: Cham : Springer International Publishing, 2022
Umfang: 1 Online-Ressource (XV, 499 Seiten) : 104 illus.
Format: E-Book
Sprache: Englisch
Mehrbändiges Werk: Classroom Companion: Economics
RVK-Notation:
Schlagworte:
Andere Ausgaben: Erscheint auch als Druck-Ausgabe: Kolmar, Martin. Principles of Microeconomics. - Cham : Springer International Publishing, 2022
ISBN: 9783030781675 ; 3030781674 ; 978--303078166-8 ; 978--303078168-2
Buchumschlag
X
alg: 48864408
001A    $06055:08-12-21 
001B    $06055:16-03-26 $t18:21:05.000 
001D    $06055:08-12-21 
001U    $0utf8 
001X    $00 
002@    $0Oax 
002C    $aText $btxt $2rdacontent 
002D    $aComputermedien $bc $2rdamedia 
002E    $aOnline-Ressource $bcr $2rdacarrier 
003@    $0488644089 
003O    $01286662784 $aOCoLC 
004A    $A978-3-030-78167-5 
004A    $03-030-78167-4 
004E/04 $0SpringerNature-41170 $fSubject Collection Economics and Finance 
004E/04 $0SpringerNature-43720 $fSubject Collection Economics and Finance (R0) 
004O    $A978---303078166-8 $Sp 
004O    $A978---303078168-2 $Sp 
004P    $010.1007/978-3-030-78167-5 $SV389 
007A    $0488644089 $aHEB 
007I    $0Springer978-3-030-78167-5 
009P    $qtext/html $3Inhaltsverzeichnis $uhttp://scans.hebis.de/HEBCGI/show.pl?48864408_toc.html $mX:DE-He213 
009P    $qtext/html $3Ausführliche Beschreibung $uhttp://scans.hebis.de/HEBCGI/show.pl?48864408_aub.html $mX:DE-He213 
009Q    $SV389 $uhttps://doi.org/10.1007/978-3-030-78167-5 $xR 
010@    $aeng 
010E    $erda 
011@    $a2022 
013D    $RFachbuch $RSchulbuch $#College textbooks $#Lehrbuch $#Lehrbuch $#Kompendium Lehrbuch $D20251120 $Ecgmnf $74123623-3 $8Lehrbuch [Tsz] $908540926X 
017B    $aZDB-2-ECF 
017B    $aZDB-2-SXEF 
021A    $aPrinciples of Microeconomics $dAn Integrative Approach $hby Martin Kolmar 
028A    $aKolmar $BVerfasser $dMartin $4aut 
032@    $a2nd ed. 2022 
033A    $pCham $nSpringer International Publishing 
033E    $pCham $nSpringer International Publishing AG 
034D    $a1 Online-Ressource (XV, 499 Seiten) 
034M    $a104 illus. 
036G    $aClassroom Companion: Economics $x2662-2890 
039D    $aErscheint auch als $tPrinciples of Microeconomics $dCham $eSpringer International Publishing $f2022 $z978-3-030-78166-8 $lKolmar, Martin $nDruck-Ausgabe 
044A    $aMicroeconomics $S#0 $N650 
044A    $aEconomics $S#0 $xPsychological aspects $N650 
044A    $aEconomics $S#0 $xHistory $N650 
044A    $aEconometrics $S#0 $N650 
044A    $aSchools of economics $S#0 $N650 
044A    $aMicroeconomics $S14 $N650 
044A    $aBehavioral Economics $S24 $N650 
044A    $aHistory of Economic Thought and Methodology $S24 $N650 
044A    $aQuantitative Economics $S24 $N650 
044A    $aHeterodox Economics $S24 $N650 
044K    $RWirtschaftstheorie $RVolkswirtschaftslehre $#Microeconomics $#Microéconomie $#Microeconomía $#Mikroökonomik $#Mikroökonomie $#Mikroökonomie $#Mikroökonomik $D20251120 $Ecgmnf $74039225-9 $8Mikroökonomie [Ts1] $9085106909 
045B    $a338.5 $eDDC23eng 
045Z    $D20251120 $Ecgmnf $8QC 100 [Tkv] $9411124374 

lok: 48864408 3
101B    $010-12-21 $t08:44:45.000 
101C    $010-12-21 
101U    $0utf8 
145S/01 $a008 

exp: 48864408 3 1 #EPN
201B/01 $010-12-21 $t08:57:16.000 
201C/01 $008-12-21 
201U/01 $0utf8 
203@/01 $01174379804 
204P/01 $010.1007/978-3-030-78167-5 $SV389 
208@/01 $a08-12-21 $bl 
209B/01 $a502 $x05 

lok: 48864408 5

exp: 48864408 5 1 #EPN
201B/01 $014-01-22 $t22:42:04.280 
201C/01 $014-01-22 
201U/01 $0utf8 
203@/01 $01176825852 
204P/01 $010.1007/978-3-030-78167-5 $SV389 
208@/01 $a14-01-22 $bl 

lok: 48864408 20

exp: 48864408 20 1 #EPN
201B/01 $008-12-21 $t23:00:23.522 
201C/01 $008-12-21 
201U/01 $0utf8 
203@/01 $01174379812 
204P/01 $010.1007/978-3-030-78167-5 $SV389 
208@/01 $a08-12-21 $bl 

lok: 48864408 21

exp: 48864408 21 1 #EPN
201B/01 $016-12-21 $t22:44:43.212 
201C/01 $016-12-21 
201U/01 $0utf8 
203@/01 $01175256943 
204P/01 $010.1007/978-3-030-78167-5 $SV389 
208@/01 $a16-12-21 $bl 

lok: 48864408 204

exp: 48864408 204 1 #EPN
201B/01 $008-12-21 $t23:00:23.529 
201C/01 $008-12-21 
201U/01 $0utf8 
203@/01 $01174379820 
204P/01 $010.1007/978-3-030-78167-5 $SV389 
208@/01 $a08-12-21 $bl
LEADER 00000cam a22000002c 4500
001 488644089
003 DE-603
005 20260316182105.0
007 cr||||||||||||
008 211208s2022 xx |||| o| u00||u|eng c
020 |a 9783030781675 
020 |a 3030781674 
024 7 |a 10.1007/978-3-030-78167-5  |2 doi 
028 5 2 |a SpringerNature-41170 
028 5 2 |a SpringerNature-43720 
035 |a (DE-599)HEB488644089 
035 |a (OCoLC)1286662784 
040 |a DE-603  |b ger  |c DE-603  |d DE-603  |e rda 
041 |a eng 
082 7 |a 338.5  |2 23/eng 
084 |a QC 100  |0 (DE-625)141244:  |0 (DE-603)411124374  |2 rvk 
100 1 |a Kolmar, Martin  |e Verfasser  |4 aut 
245 0 0 |a Principles of Microeconomics  |b An Integrative Approach  |c by Martin Kolmar 
250 |a 2nd ed. 2022 
264 1 |a Cham  |b Springer International Publishing  |c 2022 
264 2 |a Cham  |b Springer International Publishing AG 
300 |a 1 Online-Ressource (XV, 499 Seiten)  |b 104 illus. 
336 |a Text  |b txt  |2 rdacontent 
337 |a Computermedien  |b c  |2 rdamedia 
338 |a Online-Ressource  |b cr  |2 rdacarrier 
490 0 |a Classroom Companion: Economics  |x 2662-2890 
650 7 |a Mikroökonomie  |0 (DE-588)4039225-9  |0 (DE-603)085106909  |2 gnd 
655 7 |a Lehrbuch  |2 gnd-content  |0 (DE-588)4123623-3  |0 (DE-603)08540926X 
776 0 8 |i Erscheint auch als  |n Druck-Ausgabe  |a Kolmar, Martin  |t Principles of Microeconomics  |d Cham : Springer International Publishing, 2022  |z 9783030781668 
776 1 |z 978--303078166-8 
776 1 |z 978--303078168-2 
856 |u https://doi.org/10.1007/978-3-030-78167-5  |x Resolving-System 
856 4 2 |m X:DE-He213  |q text/html  |u http://scans.hebis.de/HEBCGI/show.pl?48864408_toc.html  |3 Inhaltsverzeichnis 
856 4 2 |m X:DE-He213  |q text/html  |u http://scans.hebis.de/HEBCGI/show.pl?48864408_aub.html  |3 Ausführliche Beschreibung 
912 |a ZDB-2-ECF 
924 1 |9 603  |a (DE-603)1174379804  |b DE-603  |c HES  |d d 
924 1 |9 603  |a (DE-603)1176825852  |b DE-603  |c HES  |d d 
924 1 |9 603  |a (DE-603)1174379812  |b DE-603  |c HES  |d d 
924 1 |9 603  |a (DE-603)1175256943  |b DE-603  |c HES  |d d 
924 1 |9 603  |a (DE-603)1174379820  |b DE-603  |c HES  |d d